00000000nam##2200000za#4500
0019.588018
003CaOODSP
00520210624194921
007cr |||||||||||
008150406|2007||||xxc|||||o    f|0| 0 fre|d
022 |a1701-1280
040 |aCaOODSP|bfre
041 |aeng
041 |afre
043 |an-cn---
0861 |aFs70-4/2006-034-PDF
1101 |aCanada. |bMinistère des pêches et des océans.
24510|aAtelier national des Sciences et de Gestion de l'habitat sur l'évaluation des dommages admissibles pour les espèces aquatiques exposées à des menaces liées à l'habitat : |h[ressource électronique]|bdu 20 au 22 février 2006, Hôtel Novotel, Ottawa, Ontario / |c[par] C. Alwyn Rose ; présidents Reva Berman et Mike Stoneman.
260 |aOttawa - Ontario : |bPêches et Océans Canada |cMars 2007.
300 |a103p.|bfigures (certaines en couleur), références, tableaux
4901 |aSecrétariat canadien de consultation scientifique, série des comptes rendus|x1701-1280|v2006/034
590 |a11-31-Supp|b2011-12-13
7201 |aRose, C. Alwyn
7201 |aBerman, Reva
7201 |aStoneman, Mike
791 |tNational Science – Habitat Management workshop on Allowable Harm Assessment for aquatic species with habitat related threats : |eeng|w(CaOODSP)9.588017
830#0|aCompte rendu (Secrétariat canadien de consultation scientifique)|x1701-1280|v2006/034|w(CaOODSP)9.500508
85640|ahttp://publications.gc.ca|qPDF|s1005 Ko|uhttps://publications.gc.ca/collections/collection_2011/mpo-dfo/Fs70-4-2006-034.pdf|y2006/034